Nelegálny dovoz elektroniky ohrozuje oficiálnych predajcov
Príčiny nelegálneho dovozu elektroniky na Slovensko. Ohrozenie oficiálnych dovozcov (dovozná prirážka, clo a DPH zdražuje tovar o 40 perc.). Daňové úniky, čierny trh s valutami. Legislatíva, colný zákon. Čierni a šedí dovozcovia, činnosť polície a colnej správy. Ochranu trhu navrhuje Asociácia dovoz...
Uložené v:
| Hlavný autor: | |
|---|---|
| Médium: | Kapitola |
| Jazyk: | Slovak |
| Predmet: | |
| Tagy: |
Žiadne tagy, Buďte prvý, kto otaguje tento záznam!
|
MARC
| LEADER | 00000naa a2200000 4500 | ||
|---|---|---|---|
| 001 | r024421 | ||
| 005 | 20221205091215.3 | ||
| 041 | 0 | |a slo | |
| 044 | |a SK | ||
| 245 | 1 | 0 | |a Nelegálny dovoz elektroniky ohrozuje oficiálnych predajcov |c D. Lajčiaková |
| 520 | |a Príčiny nelegálneho dovozu elektroniky na Slovensko. Ohrozenie oficiálnych dovozcov (dovozná prirážka, clo a DPH zdražuje tovar o 40 perc.). Daňové úniky, čierny trh s valutami. Legislatíva, colný zákon. Čierni a šedí dovozcovia, činnosť polície a colnej správy. Ochranu trhu navrhuje Asociácia dovozcov audiovizuálnej techniky SR, podobne tiež certifikáciu tovaru pred dovezením prvej dodávky. Ambulantný predaj a elektronické registračné pokladne. | ||
| 610 | 2 | 0 | |a elektronika |
| 610 | 2 | 0 | |a elektronika spotrebná |
| 610 | 2 | 0 | |a dovoz |
| 610 | 2 | 0 | |a Slovensko |
| 610 | 2 | 0 | |a kriminalita hospodárska |
| 610 | 2 | 0 | |a únik daňový |
| 610 | 2 | 0 | |a clá |
| 610 | 2 | 0 | |a certifikácia |
| 100 | 1 | |a Lajčiaková, D. | |